Nächstgelegene Hauptstadt zu den 20 größten Deutschen Städten - Statistiken

Allgemein
  • Dieses Quiz wurde 343 mal gespielt
  • Das Durchschnittsergebnis liegt bei 15 aus 20
Antwortstatistiken
Stadt Hauptstadt % Korrekt
Berlin Berlin
95%
Hamburg Berlin
85%
Köln Luxemburg
79%
Frankfurt am Main Luxemburg
76%
Dresden Prag
76%
Leipzig Berlin
74%
Hannover Berlin
73%
Düsseldorf Brüssel
73%
Nürnberg Prag
73%
Dortmund Amsterdam
72%
Essen Amsterdam
70%
Duisburg Amsterdam
70%
Bochum Amsterdam
70%
München Vaduz
70%
Wuppertal Luxemburg
68%
Münster Amsterdam
67%
Bonn Luxemburg
67%
Stuttgart Vaduz
67%
Bielefeld Amsterdam
66%
Mannheim Luxemburg
66%
Keine übereinstimmenden Quizze gefunden
Verteilung der Resultate
Anzahl Personen mit jedem Resultat
Perzentil nach korrekt beantworteten Fragen
Ihre Resultats-Entwicklung
Sie haben dieses Quiz noch nicht gespielt